000
00186 a2200097 4500
041
_a
spa
100
_a
Edwin Cordero Ardila
245
_a
Alcanzando un sueò¨
942
_c
BK
952
_7
1
999
_c
25132
_d
25132